000 00311 a2200109 4500
001 ART_41740
005 20260410161806.0
008 260409a
245 1 0 _aLa ley de blanqueo
100 1 _aCamerini, Marcelo A.
773 0 _tDoctrina Societaria y Concursal
_g- NÂș 308 (jul. 2013)
_wREV4298
999 _c20979
_d20979